In der Menschheitsgeschichte gab es immer wieder große Epidemien. Ruth Renée Reif im Gespräch mit dem amerikanischen Virologen und Aids-Forscher Robert Gallo
| Main Author: | |
|---|---|
| Format: | Print Article |
| Language: | German |
| Published: |
1991
|
| In: |
Universitas. [Deutsche Ausgabe]
Year: 1991, Issue: 12, Pages: 1208-1215 |
| Availability in Tübingen: | Present in Tübingen. IFK: 6810 |
| Check availability: | HBZ Gateway |
| Keywords: |
MARC
| LEADER | 00000caa a22000002c 4500 | ||
|---|---|---|---|
| 001 | 1640039317 | ||
| 003 | DE-627 | ||
| 005 | 20220608130917.0 | ||
| 007 | tu | ||
| 008 | 160223s1991 xx ||||| 00| ||ger c | ||
| 035 | |a (DE-627)1640039317 | ||
| 035 | |a (DE-576)456037101 | ||
| 035 | |a (DE-599)BSZ456037101 | ||
| 040 | |a DE-627 |b ger |c DE-627 |e rakwb | ||
| 041 | |a ger | ||
| 100 | 1 | |a Reif, Ruth Renée |0 (DE-627)1234626578 |0 (DE-576)164626573 |4 aut | |
| 109 | |a Reif, Ruth Renée |a Reif, Ruth R. | ||
| 245 | 1 | 0 | |a In der Menschheitsgeschichte gab es immer wieder große Epidemien. Ruth Renée Reif im Gespräch mit dem amerikanischen Virologen und Aids-Forscher Robert Gallo |c Ruth Renée Reif |
| 264 | 1 | |c 1991 | |
| 336 | |a Text |b txt |2 rdacontent | ||
| 337 | |a ohne Hilfsmittel zu benutzen |b n |2 rdamedia | ||
| 338 | |a Band |b nc |2 rdacarrier | ||
| 773 | 0 | 8 | |i In |t Universitas. [Deutsche Ausgabe] |d Heidelberg : Heidelberger Lese-Zeiten-Verl., 1946 |g (1991), 12, Seite 1208-1215 |w (DE-627)129478806 |w (DE-600)203995-3 |w (DE-576)01486021X |x 0041-9079 |7 nnas |
| 773 | 1 | 8 | |g year:1991 |g number:12 |g pages:1208-1215 |
| 935 | |a mkri | ||
| 951 | |a AR | ||
| ELC | |b 1 | ||
| LOK | |0 000 xxxxxcx a22 zn 4500 | ||
| LOK | |0 001 3301297250 | ||
| LOK | |0 003 DE-627 | ||
| LOK | |0 004 1640039317 | ||
| LOK | |0 005 20160223101032 | ||
| LOK | |0 008 160208||||||||||||||||ger||||||| | ||
| LOK | |0 040 |a DE-21-110 |c DE-627 |d DE-21-110 | ||
| LOK | |0 689 |a s |a Epidemiologie | ||
| LOK | |0 689 |a s |a AIDS | ||
| LOK | |0 852 |a DE-21-110 | ||
| LOK | |0 852 1 |c 6810 |m p |9 00 | ||
| LOK | |0 935 |a k110 | ||
| LOK | |0 938 |k p | ||
| LOK | |0 939 |a 08-02-16 |b l01 | ||
| ORI | |a SA-MARC-krimdoka001.raw | ||
| SIG | |a IFK: 6810 | ||
